Fr. Conceicao Rodrigues College of Engineering

Java Message Service (Record no. 21942)

MARC details
000 -LEADER
fixed length control field 00361nam a2200169Ia 4500
082 ## - DEWEY DECIMAL CLASSIFICATION NUMBER
Classification number 005.133J/HAE
Item number HAE
100 ## - MAIN ENTRY--PERSONAL NAME
Personal name Haefel/Richard/ Chappell/D
245 ## - TITLE STATEMENT
Title Java Message Service
260 ## - PUBLICATION, DISTRIBUTION, ETC.
Name of publisher, distributor, etc. Oreilly
Place of publication, distribution, etc. New Delhi
Date of publication, distribution, etc. 2006
366 ## - TRADE AVAILABILITY INFORMATION
Publishers's discount category 10
300 ## - PHYSICAL DESCRIPTION
Extent 220
546 ## - LANGUAGE NOTE
Language note ENGLISH
650 ## - SUBJECT ADDED ENTRY--TOPICAL TERM
Topical term or geographic name entry element Java
654 ## - SUBJECT ADDED ENTRY--FACETED TOPICAL TERMS
Focus term java message
942 ## - ADDED ENTRY ELEMENTS (KOHA)
Koha item type BOOK
Holdings
Withdrawn status Lost status Damaged status Not for loan Collection Home library Current library Shelving location Date acquired Source of acquisition Cost, normal purchase price Inventory number Total Checkouts Full call number Barcode Date last seen Cost, replacement price Price effective from Koha item type
        CRC Fr. Agnel's C.Rodrigues College of Engineering Fr. Agnel's C.Rodrigues College of Engineering   17/03/2023 Chemtech Books Pvt.Ltd. 215.00 8028 dt 20/08/2007   005.133J/HAE HAE 17658 17/03/2023 225.00   BOOK
        CRC Fr. Agnel's C.Rodrigues College of Engineering Fr. Agnel's C.Rodrigues College of Engineering   17/03/2023 Chemtech Books Pvt.Ltd. 215.00     005.133J/HAE HAE 17659 17/03/2023 225.00   BOOK
        CRC Fr. Agnel's C.Rodrigues College of Engineering Fr. Agnel's C.Rodrigues College of Engineering   17/03/2023 Chemtech Books Pvt.Ltd. 215.00     005.133J/HAE HAE 17660 17/03/2023 225.00   BOOK
        CRC Fr. Agnel's C.Rodrigues College of Engineering Fr. Agnel's C.Rodrigues College of Engineering   17/03/2023 Chemtech Books Pvt.Ltd. 215.00     005.133J/HAE HAE 17661 17/03/2023 225.00   BOOK